| 000 | 00630nam a2200181 a 4500 | ||
|---|---|---|---|
| 005 | 20140412111307.0 | ||
| 008 | 000817s19uu xx 00 eng d | ||
| 020 | _a4-915831-31-0 | ||
| 050 |
_aTR(PS E _bCr87 1989 |
||
| 100 | _aHirata, Shogo | ||
| 245 |
_aA crow in borrowed feathers / _cShogo Hirata. |
||
| 260 |
_aTokyo : _bJoie, Inc, _c1989. |
||
| 300 | _a1 v. (unp.) ; ill. | ||
| 440 | _aIllustrated Fantasy Books for Children | ||
| 520 | _aDeep within the forest could be heard the chatter of many birds quarreling over which was the best and the most beautiful among them. | ||
| 650 | _aBirds-Fiction | ||
| 999 |
_c103755 _d103755 |
||